UBT Library

Teaching thinking in K-12 classrooms : (Record no. 41052)

000 -LEADER
fixed length control field 00636pam a2200229 a 4500
001 - CONTROL NUMBER
control field 3856757
005 - DATE AND TIME OF LATEST TRANSACTION
control field 20180126092837.0
008 - FIXED-LENGTH DATA ELEMENTS--GENERAL INFORMATION
fixed length control field 880823s1989 maua b 001 0 eng
010 ## - LIBRARY OF CONGRESS CONTROL NUMBER
LC control number 88028500
020 ## - INTERNATIONAL STANDARD BOOK NUMBER
International Standard Book Number 0205117295
040 ## - CATALOGING SOURCE
Original cataloging agency DLC
Transcribing agency DLC
Modifying agency DLC
041 ## - LANGUAGE CODE
Language code of text/sound track or separate title eng
043 ## - GEOGRAPHIC AREA CODE
Geographic area code n-us---
080 ## - UNIVERSAL DECIMAL CLASSIFICATION NUMBER
Universal Decimal Classification number 370.157 TIE
082 00 - DEWEY DECIMAL CLASSIFICATION NUMBER
Classification number 370.157 TIE
Edition number 19
100 ## - Rafti
Rafti 47
101 ## - Shkurtesa
Shkurtesa EDU
245 00 - TITLE STATEMENT
Title Teaching thinking in K-12 classrooms :
Statement of responsibility, etc Iris McClellan Tiedt ... [et al.].
504 ## - BIBLIOGRAPHY, ETC. NOTE
Bibliography, etc Bibliography: p. 315-322.
906 ## - LOCAL DATA ELEMENT F, LDF (RLIN)
a 7
b cbc
c orignew
d 1
e ocip
f 19
g y-gencatlg
942 ## - ADDED ENTRY ELEMENTS (KOHA)
Source of classification or shelving scheme
Item type Books
Holdings
Withdrawn status Lost status Source of classification or shelving scheme Damaged status Not for loan Collection code Permanent location Current location Shelving location Date acquired Total Checkouts Full call number Barcode Date last seen Price effective from Koha item type
          Koleksioni i përgjithshem UBT - Lipjan UBT - Lipjan Koleksioni i përgjithshem 01/26/2018   370.157 TIE 002-2996640 01/26/2018 01/26/2018 Books
UBT Library © 2015-2024. All rights reserved University Education for Business and Technology